| 000 | 00786cam a2200301 i 4500 | ||
|---|---|---|---|
| 001 | 0000452 | ||
| 003 | DO-SdBNP | ||
| 005 | 20180220094727.0 | ||
| 007 | 0000452 | ||
| 008 | 100514s 1999 sp | |||| 000 f spa | ||
| 015 | _a | ||
| 017 |
_a _b |
||
| 020 | _a8420457264 | ||
| 035 | _a | ||
| 040 |
_aBPMSU _bspa _cBPMSU _e |
||
| 080 | _a | ||
| 100 | 1 | _aLindo, Elvira | |
| 245 | 1 | 0 |
_aManolito gafotas / _cElvira Lindo ; ilustraciones Emilio Urberuaga |
| 250 | _a12a. ed. | ||
| 260 |
_aMadrid : _bSantillana, _bAlfaguara, _c1999. |
||
| 300 |
_a137 p.: _bil. ; _c20 cm |
||
| 490 | 1 | _aAlfaguay (Alfaguara) | |
| 700 | 1 | 2 |
_aUrberuaga, Emilio, _eil. |
| 830 | 0 | _aAlfaguay (Alfaguara) | |
| 942 |
_2ddc _cBK |
||
| 945 | _aInventariado, 2018 /LP | ||
| 956 |
_aYLOCKWARD _b10 _cBPMSU |
||
| 999 |
_c10602 _d10602 |
||